Juventus players (2010-2020) - Statistics

General Stats
  • This quiz has been taken 53 times
  • The average score is 58 of 116
Answer Stats
Rank Player Positions Nationality Matches Goals (assists) Period % Correct
3 Gianluigi Buffon GK 244 0 (0) 2010-2018, 2019-2020
100%
7 Paulo Dybala CF 161 68 (34) 2015-2020
100%
5 Andrea Barzagli CB 206 2 (3) 2010-2019
98%
2 Giorgio Chiellini CB 249 13 (15) 2010-2020
98%
9 Juan Cuadrado RM 130 13 (25) 2015-2020
98%
1 Leonardo Bonucci CB 291 21 (6) 2010-2017, 2018-2020
98%
6 Stephan Lichtsteiner RB 201 12 (23) 2011-2018
98%
8 Alex Sandro LB 135 11 (19) 2015-2020
95%
13 Andrea Pirlo DM 119 16 (33) 2011-2015
95%
10 Arturo Vidal CM 124 35 (22) 2011-2015
95%
30 Carlos Tevez ST 66 39 (14) 2013-2015
95%
14 Mario Mandžukić ST 118 31 (14) 2015-2019
95%
12 Miralem Pjanić CM 122 15 (32) 2016-2020
95%
17 Sami Khedira CM 99 21 (10) 2015-2020
95%
34 Álvaro Morata ST 63 15 (12) 2014-2016
93%
32 Cristiano Ronaldo ST 64 52 (16) 2018-2020
93%
16 Gonzalo Higuaín ST 105 48 (15) 2016-2018, 2019-2020
93%
11 Paul Pogba CM 124 28 (26) 2012-2016
93%
21 Rodrigo Bentancur DM 81 2 (11) 2017-2020
93%
4 Claudio Marchisio CM 217 27 (27) 2010-2018
90%
18 Blaise Matuidi CM 98 6 (5) 2017-2020
88%
44 Medhi Benatia CB 40 3 (0) 2016-2019
88%
28 Douglas Costa RW 71 6 (18) 2017-2020
85%
15 Kwadwo Asamoah LM 116 4 (14) 2012-2018
85%
37 Patrice Evra LB 53 3 (5) 2014-2017
85%
52 Adrien Rabiot CM 28 1 (1) 2019-2020
83%
35 Alessandro Del Piero CF 56 11 (4) 2010-2012
83%
22 Daniele Rugani CB 79 6 (1) 2015-2020
83%
46 Emre Can DM 37 4 (1) 2018-2020
83%
29 Martín Cáceres CB 71 3 (1) 2011-2016, 2018-2019
83%
27 Wojciech Szczesny GK 74 0 (0) 2017-2020
83%
54 Aaron Ramsey CM 24 3 (1) 2019-2020
80%
53 João Cancelo RB 25 1 (3) 2018-2019
78%
31 Fernando Llorente ST 66 23 (6) 2013-2016
76%
51 Matthijs de Ligt CB 29 4 (1) 2019-2020
76%
25 Mirko Vucinić ST 75 21 (19) 2011-2014
73%
23 Federico Bernardeschi RW 79 7 (10) 2017-2020
71%
50 Mario Lemina DM 29 3 (1) 2015-2017
71%
41 Mattia De Sciglio RB 43 1 (1) 2017-2020
71%
81 Mattia Perin GK 9 0 (0) 2018-2019
71%
76 Neto GK 11 0 (0) 2015-2017
71%
84 Merih Demiral CB 6 1 (1) 2019-2020
66%
36 Sebastian Giovinco CF 55 9 (8) 2012-2015
66%
57 Danilo CB 22 2 (0) 2019-2020
63%
33 Stefano Sturaro CM 64 2 (1) 2014-2018
63%
89 Benedikt Höwedes CB 3 1 (0) 2017-2018
61%
19 Fabio Quagliarella ST 84 23 (5) 2010-2014
61%
48 Mauricio Isla RB 30 0 (3) 2012-2014, 2015-2016
61%
26 Alessandro Matri ST 74 27 (6) 2010-2013, 2014-2015
59%
39 Roberto Pereyra CM 48 4 (4) 2014-2016
59%
90 Carlo Pinsoglio GK 3 0 (0) 2017-2020
56%
60 Dani Alves RB 19 2 (3) 2016-2017
56%
24 Simone Pepe RW 76 12 (6) 2010-2015
56%
70 Marko Pjaca LW 14 0 (0) 2016-2017
54%
49 Felipe Melo DM 29 1 (0) 2010-2011
51%
40 Marco Storari GK 43 0 (0) 2010-2015
51%
38 Paolo De Ceglie LB 48 1 (3) 2010-2015
51%
20 Simone Padoin CM 84 3 (4) 2011-2016
49%
66 Kingsley Coman LW 15 0 (2) 2014-2016
46%
65 Moise Kean ST 16 7 (0) 2016-2017, 2018-2019
46%
73 Tomás Rincón DM 13 0 (1) 2016-2017
46%
42 Angelo Ogbonna CB 41 0 (0) 2013-2015
44%
43 Emanuele Giaccherini LM 40 4 (6) 2011-2013
44%
45 Milos Krasic RW 40 8 (7) 2010-2012
44%
82 Nicklas Bendtner ST 9 0 (0) 2012-2013
41%
61 Simone Zaza ST 19 5 (1) 2015-2016
39%
80 Amauri ST 9 0 (0) 2010-2011
37%
86 Eljero Elia LW 4 0 (0) 2011-2012
34%
104 Emil Audero GK 1 0 (0) 2016-2017
34%
55 Hernanes AM 24 2 (0) 2015-2017
34%
99 Nicolas Anelka ST 2 0 (0) 2012-2013
34%
100 Rubinho GK 2 0 (0) 2012-2014
34%
58 Fabio Grosso LB 21 0 (3) 2010-2012
32%
78 Hasan Salihamidzic RM 10 0 (2) 2010-2011
32%
63 Mohamed Sissoko DM 18 0 (2) 2010-2011
32%
62 Vincenzo Iaquinta ST 19 4 (3) 2010-2011
32%
59 Federico Peluso LB 21 1 (1) 2012-2014
29%
69 Marcelo Estigarribia CM 14 1 (1) 2011-2012
29%
56 Marco Motta RB 24 0 (1) 2010-2011, 2013-2014
29%
85 Nicola Legrottaglie CB 5 1 (0) 2010-2011
29%
74 Zdenek Grygera RB 13 0 (0) 2010-2011
29%
79 Leonardo Spinazzola LB 10 0 (1) 2018-2019
27%
68 Luca Toni ST 14 2 (1) 2010-2011
27%
64 Frederik Sørensen CB 17 0 (1) 2010-2011
24%
110 Lúcio CB 1 0 (0) 2012-2013
24%
72 Marco Borriello ST 13 2 (3) 2011-2012
24%
77 Armand Traoré LB 10 0 (0) 2010-2011
22%
75 Daniel Osvaldo ST 11 1 (1) 2013-2014
20%
107 Gianluca Frabotta LB 1 0 (0) 2019-2020
20%
67 Jorge Martínez RW 14 0 (0) 2010-2011
20%
47 Alberto Aquilani CM 33 2 (6) 2010-2011
17%
108 Grigoris Kastanos AM 1 0 (0) 2018-2019
17%
88 Simone Muratore CM 4 0 (0) 2019-2020
17%
106 Giacomo Vrioni ST 1 0 (0) 2019-2020
15%
71 Luca Marrone CB 13 1 (1) 2011-2013
15%
92 Hans Nicolussi Caviglia CM 3 0 (0) 2018-2019
10%
94 Matheus Pereira CM 3 0 (0) 2018-2019
10%
83 Michele Pazienza DM 8 0 (0) 2011-2012
10%
116 Stephy Mavididi LW 1 0 (0) 2018-2019
10%
103 Daouda Peeters DM 1 0 (0) 2019-2020
7%
87 Rômulo CM 4 0 (0) 2014-2015
7%
109 Leandro Rinaudo CB 1 0 (0) 2010-2011
5%
96 Luca Zanimacchia RW 2 0 (0) 2019-2020
5%
111 Manolo Portanova CM 1 0 (0) 2018-2019
5%
97 Manuel Giandonato DM 2 0 (0) 2010-2011
5%
98 Mattia Vitale CM 2 0 (0) 2014-2015
5%
114 Rolando Mandragora DM 1 0 (0) 2016-2017
5%
91 Davide Lanzafame ST 3 0 (0) 2010-2011
2%
93 Marco Olivieri ST 3 0 (0) 2019-2020
2%
112 Niccolò Giannetti ST 1 0 (0) 2010-2011
2%
113 Paolo Gozzi CB 1 0 (0) 2018-2019
2%
115 Stefano Beltrame AM 1 0 (0) 2012-2013
2%
101 Alberto Libertazzi ST 1 0 (0) 2010-2011
0%
102 Andrea Favilli ST 1 0 (0) 2015-2016
0%
95 Federico Mattiello RB 2 0 (0) 2014-2015
0%
105 Filippo Boniperti RW 1 0 (0) 2010-2011
0%
No matching quizzes found
Score Distribution
Percent of People with Each Score
Percentile by Number Answered
Your Score History
You have not taken this quiz